000 01039nam a2200349 a 4500
003 AR-BaBNM
005 20251128205825.0
008 082120s2002 ||||||||||||||000 | spa||
020 _a84-7485-400-8
040 _cAR-BaBNM
100 1 _aImmegart, Glenn
245 0 0 _aFormación de directores de centros educativos
_bun enfoque práctico
260 _aBilbao
_bUniversidad de Deusto
_c1995
300 _a290 p.
_bgráfs.
490 0 _aPsicología
_vv. 5
500 _aReferencias bibliográficas: p. 287-290
610 2 4 _aInstituto de Ciencias de la Educación [Universidad de Deusto]
650 4 _aORGANIZACION ESCOLAR
650 4 _aFORMACION DE ADMINISTRADORES
650 4 _aADMINISTRACION ESCOLAR
650 4 _aEVALUACION
650 4 _aTOMA DE DECISIONES
650 4 _aMOTIVACION
650 4 _aCONFLICTO
650 4 _aMEJORA DE LA EDUCACION
651 4 _aEspaña
653 _aINSTITUCIONES EDUCATIVAS
700 1 _aPascual, Roberto
700 1 _aImmegart, Mary Lou Kanel
942 _cBK
998 _carturo
999 _c12957
_d12957